Geschichte der Internationale.

Saved in:
Bibliographic Details
Main Author: Braunthal, Julius, 1891-
Format: Book
Language:English
Published: Hanover : Dietz Nachf. , [1961-71].
Subjects:
LEADER 01089nam a2200241 i 4500
001 c000124379
003 CARM
005 00000000000000.0
008 s1961 nhu 00000 eng d
019 1 |a 9155135  |z 49646839  |5 LACONCORD2021 
035 |a (OCoLC)6293401  |5 LACONCORD2021 
100 1 |a Braunthal, Julius,  |d 1891- 
245 1 0 |a Geschichte der Internationale. 
260 |a Hanover :  |b Dietz Nachf. ,  |c [1961-71]. 
300 |a 3 v. :  |b illus. 
610 2 0 |a International Socialist Congress. 
852 8 |b CARM  |h A2:AF14F0  |i C01354  |p 0075185  |f BK 
852 8 |b CARM  |h A2:AF14E0  |i C01345  |p 0075133  |f BK 
852 8 |b CARM  |h A2:AF14E0  |i C01345  |p 0075146  |f BK 
999 f f |i 3c917729-07a8-5341-bafa-382e1c6549c8  |s 65d719da-6351-538d-8478-0f3a4c7bf320 
952 f f |p Can circulate  |a CAVAL  |b CAVAL  |c CAVAL  |d CARM 1 Store  |e C01345  |f A2:AF14E0  |h Other scheme  |i book  |j Bd.2 held  |m 0075133 
952 f f |p Can circulate  |a CAVAL  |b CAVAL  |c CAVAL  |d CARM 1 Store  |e C01345  |f A2:AF14E0  |h Other scheme  |i book  |j Bd.3 held  |m 0075146 
952 f f |p Can circulate  |a CAVAL  |b CAVAL  |c CAVAL  |d CARM 1 Store  |e C01354  |f A2:AF14F0  |h Other scheme  |i book  |j Bd.1 held  |m 0075185